书目信息 |
| 题名: |
全国大学生电子设计竞赛获奖作品汇编
|
|
| 作者: | ;全国大学生电子设计竞赛组委会 编 | |
| 分册: | 第一届~第五届 | |
| 出版信息: | 北京 北京理工大学出版社 2004 |
|
| 页数: | 643页 | |
| 开本: | 26cm | |
| 丛书名: | ||
| 单 册: | ||
| 中图分类: | TN02 | |
| 科图分类: | ||
| 主题词: | 电子技术--科技成果--高等学校--中国 | |
| 电子资源: | ||
| ISBN: | 7-5640-0344-8 | |
| 000 | 00923nam0 2200229 45 | |
| 001 | 07274033000 | |
| 005 | 20051229105325.50 | |
| 010 | @a7-5640-0344-8@dCNY60.00 | |
| 092 | @aCN | |
| 100 | @a20041209d2004 ekmy0chiy0120 ea | |
| 101 | 0 | @achi |
| 102 | @aCN@b110000 | |
| 105 | @aa z 000yy | |
| 200 | 1 | @a全国大学生电子设计竞赛获奖作品汇编@Aquan guo da xue sheng dian zi she ji jing sai huo jiang zuo pin hui bian@h第一届~第五届@f全国大学生电子设计竞赛组委会编@FQuan Guo Da Xue Sheng Dian Zi She Ji Jing Sai Zu Wei Hui Bian |
| 210 | @a北京@c北京理工大学出版社@d2004 | |
| 215 | @a643页@c图@d26cm | |
| 330 | @a编入本书的是第五届全国大学生电子设计竞赛(2001年)中获得全国一等奖的大部分作品。采用全文、缩编、摘要三种形式刊登,按竞赛题目分类。 | |
| 606 | 0 | @a电子技术@x科技成果@x高等学校@y中国 |
| 690 | @aTN02@v4 | |
| 711 | 02 | @a全国大学生电子设计竞赛组委会@4编 |
| 801 | 0 | @aCN@bCXYBOOK@c20051229 |
| 905 | @a10447@dTN02@e65 | |
| 全国大学生电子设计竞赛获奖作品汇编.第一届~第五届/全国大学生电子设计竞赛组委会编.-北京:北京理工大学出版社,2004 |
| 643页:图;26cm |
| ISBN 7-5640-0344-8:CNY60.00 |
| 编入本书的是第五届全国大学生电子设计竞赛(2001年)中获得全国一等奖的大部分作品。采用全文、缩编、摘要三种形式刊登,按竞赛题目分类。 |
| ● |
| 相关链接 |
|
|
|
|
正题名:全国大学生电子设计竞赛获奖作品汇编
索取号:TN02/65
 
预约/预借
| 序号 | 登录号 | 条形码 | 馆藏地/架位号 | 状态 | 备注 |
| 1 | 0351404 | 3514049 | 第二样本阅览室/ [索取号:TN02/65] | 在馆 | |
| 2 | 0373050 | 203730506 | 第三借阅区/ [索取号:TN02/65] | 在馆 | |
| 3 | 0373051 | 203730515 | 第三借阅区/ [索取号:TN02/65] | 在馆 | |
| 4 | 0373052 | 203730524 | 第三借阅区/ [索取号:TN02/65] | 在馆 | |
| 5 | 0373053 | 203730533 | 第三借阅区/ [索取号:TN02/65] | 在馆 | |
| 6 | 0373054 | 203730542 | 第三借阅区/ [索取号:TN02/65] | 在馆 |